000 00584nam a2200181Ia 4500
008 090630s9999 xx 000 0 und d
082 _b28627
100 _aजाधव रा. ग.
245 _aसाहित्य संचित.
_cजाधव रा. ग.
260 _bपरिमल - औरंगाबाद.
_c1999
300 _a191
600 _aजाधव रा. ग.
630 _aसाहित्य संचित.
655 _aइतर.
700 _aजाधव रा. ग.
730 _aसाहित्य संचित.
942 _cBOOK
999 _c280483
_d280483